Decoremos las ventanas con papeles de colores

Saved in:
Bibliografiske detaljer
Hovedforfatter: Walther, Karin (Author)
Format: Bog
Sprog:spansk
Udgivet: Barcelona Ceac 1984
Udgivelse:2a. ed
Serier:Colección Cómo Hacerlo
Fag:
Tags: Tilføj Tag
Ingen Tags, Vær først til at tagge denne postø!

MARC

LEADER 00000nam a2200000 a 4500
001 UCL7011
003 CL-VaPUC
005 20250307121528.0
008 040423e19840000SP |||||||||||||||||spa|d
999 |c 308881  |d 308879 
020 |a 8432983209 
040 |c Pontificia Universidad Católica de Valparaíso 
082 0 4 |a 745.594  |b WAL  |2 21 
100 0 |a Walther, Karin  |e author  |9 484723 
245 1 0 |a Decoremos las ventanas con papeles de colores 
250 |a 2a. ed 
260 |a Barcelona  |b Ceac  |c 1984 
300 |a 36 p 
490 0 |a Colección Cómo Hacerlo 
583 |a last modification  |c 20040423 00:00:00  |k Rodrigo Vera 
650 7 |a Decoración y ornamentación  |2 CL-VaPUC  |9 266869  |x Jardines infantiles 
650 0 |a Artes manuales  |9 358103 
942 |c BK  |2 ddc 
945 |d 20040423 00:00:00  |a cmena 
952 |0 0  |1 0  |4 0  |6 745_594000000000000_WAL_1984  |7 0  |8 A  |9 375801  |a BIBEDU  |b BIBEDU  |d 2019-11-21  |i 3988872  |l 2  |o 745.594 WAL 1984  |p 3988872  |r 2025-03-10  |s 2025-03-10  |w 2019-11-21  |y BK  |k EBA